000 00696nam a2200205 i 4500
001 21951
003 ES-MaACL
005 20230906152559.0
007 t|
008 021128s1944 ag ||||1| spa d
100 1 _aAlexander, Franz.
_919764
245 1 0 _aNuestra era irracional
_b: un estudio de las fuerzas irracionales de la vida colectiva /
_cFranz Alexander ; versión castellana de Pablo Simón.
260 _aBuenos Aires :
_bPoseidón,
_c[1944] (
_fAlfonso Ruiz y Cía)
300 _a373 p. ;
_c24 cm.
490 1 _aColección Scientia
700 1 _aSimón, Pablo.
_9106530
830 0 _aColección Scientia
_9181532
852 _aES-MaACL
_jC-5550
_bR.26027
999 _c21951
_d21951